Phineas and Ferb Quiz - Statistics

General Stats
  • This quiz has been taken 367 times
  • The average score is 8 of 13
Answer Stats
Hint Answer % Correct
Phineas' Brother Ferb
99%
Pets Name Perry
96%
Who Fancies Phineas? Isabella
88%
What does Candace want to do to Phineas and Ferb? Bust Them
80%
Phineas' Last name? Flynn
79%
What channel is this show mainly shown on? Disney
69%
Head of Perrys secret agency? Major Monogram
68%
Who is the unpaid intern? Carl
67%
Phineas and Ferb's Dads name Lawrence
66%
What does O.W.C.A stand for? Organisation Without a Cool Acronym
16%
Name of the film set in another dimension? Across the second dimension
12%
who created the show? Jeff ' Swampy' marsh
9%
What hat does Perry wear? Fedorra
8%
No matching quizzes found
Score Distribution
Percent of People with Each Score
Percentile by Number Answered
Your Score History
You have not taken this quiz